000 01118nam a22002775i 4500
001 181032
003 ES-MaACL
005 20231004125411.0
008 121005s1995 sp | |||| ||spa d
020 _a84-605-2463-9
080 _a32(460.356 M.)1939/55"
080 _a308(460.356 M.)"1939/55"
080 _a338.1(460.356 M.)"1939/55"
100 1 _aEiroa San Francisco, Matilde.
_946848
245 1 0 _aViva Franco
_b: hambre, racionamiento, falangismo : Málaga, 1939-1942 /
_cMatilde Eiroa San Francisco.
260 _a[Málaga] :
_bM. Eiroa San Francisco,
_cD.L. 1995 (
_eMálaga :
_fArtes Gráf. Aprisa)
300 _a304 p. :
_bil. ;
_c24 cm.
504 _aFuentes documentales y bibliográficas: p. 288-304.
650 4 _aRacionamiento alimentario-
_zMálaga.
_9151550
651 4 _aMálaga-
_xHistoria-
_y1939-1975.
_9151551
852 _aES-MaACL
_jA-12246
_9187915
_bR.147118
_cDEPO1
_dOlim: N-5251
_xDonacion:de la autora Matilde Eiroa San Francisco
903 _946848
_aEiroa San Francisco, Matilde
_ednr
942 _2udc
_cMONOGRAFIA
999 _c181032
_d181032